Structure of abelian parts of C∗-algebras and its preservers

The context poset of Abelian C -subalgebras of a given C -algebra is an operator theoretic invariant of growing interest. We review recent results describing order isomorphisms between context posets in terms of Jordan type maps (linear or not) between important types of operator algebras. We discus...

Teljes leírás

Elmentve itt :
Bibliográfiai részletek
Szerző: Hamhalter Jan
Dokumentumtípus: Cikk
Megjelent: Bolyai Institute, University of Szeged Szeged 2018
Sorozat:Acta scientiarum mathematicarum 84 No. 1-2
Kulcsszavak:Algebra, Matematika
Tárgyszavak:
Online Access:http://acta.bibl.u-szeged.hu/55814
LEADER 01335nab a2200217 i 4500
001 acta55814
005 20260219142808.0
008 181110s2018 hu o 000 eng d
022 |a 0001-6969 
040 |a SZTE Egyetemi Kiadványok Repozitórium  |b hun 
041 |a eng 
100 1 |a Hamhalter Jan 
245 1 0 |a Structure of abelian parts of C∗-algebras and its preservers  |h [elektronikus dokumentum] /  |c  Hamhalter Jan 
260 |a Bolyai Institute, University of Szeged  |b Szeged  |c 2018 
300 |a 263-275 
490 0 |a Acta scientiarum mathematicarum  |v 84 No. 1-2 
520 3 |a The context poset of Abelian C -subalgebras of a given C -algebra is an operator theoretic invariant of growing interest. We review recent results describing order isomorphisms between context posets in terms of Jordan type maps (linear or not) between important types of operator algebras. We discuss the important role of the generalized Gleason theorem on linearity of maps preserving linear combinations of commuting elements for studying symmetries of context posets. Related results on maps multiplicative with respect to commuting elements are investigated. 
650 4 |a Természettudományok 
650 4 |a Matematika 
695 |a Algebra, Matematika 
856 4 0 |u http://acta.bibl.u-szeged.hu/55814/1/math_084_numb_001-002_263-275.pdf  |z Dokumentum-elérés